|
|
|
|
| LEADER |
02710nam a22005175i 4500 |
| 001 |
978-3-319-49935-2 |
| 003 |
DE-He213 |
| 005 |
20170110141039.0 |
| 007 |
cr nn 008mamaa |
| 008 |
170107s2017 gw | s |||| 0|eng d |
| 020 |
|
|
|a 9783319499352
|9 978-3-319-49935-2
|
| 024 |
7 |
|
|a 10.1007/978-3-319-49935-2
|2 doi
|
| 040 |
|
|
|d GrThAP
|
| 050 |
|
4 |
|a QC770-798
|
| 050 |
|
4 |
|a QC702.7.H42
|
| 050 |
|
4 |
|a QC793.5.H32-793.5.H329
|
| 072 |
|
7 |
|a PHM
|2 bicssc
|
| 072 |
|
7 |
|a SCI051000
|2 bisacsh
|
| 082 |
0 |
4 |
|a 539.7092
|2 23
|
| 100 |
1 |
|
|a Knünz, Valentin.
|e author.
|
| 245 |
1 |
0 |
|a Measurement of Quarkonium Polarization to Probe QCD at the LHC
|h [electronic resource] /
|c by Valentin Knünz.
|
| 264 |
|
1 |
|a Cham :
|b Springer International Publishing :
|b Imprint: Springer,
|c 2017.
|
| 300 |
|
|
|a XVII, 166 p. 74 illus., 37 illus. in color.
|b online resource.
|
| 336 |
|
|
|a text
|b txt
|2 rdacontent
|
| 337 |
|
|
|a computer
|b c
|2 rdamedia
|
| 338 |
|
|
|a online resource
|b cr
|2 rdacarrier
|
| 347 |
|
|
|a text file
|b PDF
|2 rda
|
| 490 |
1 |
|
|a Springer Theses, Recognizing Outstanding Ph.D. Research,
|x 2190-5053
|
| 505 |
0 |
|
|a Introduction -- Quarkonium Physics -- Experimental Setup -- Data Analysis -- Discussion of Results -- Conclusions.
|
| 520 |
|
|
|a This thesis discusses in detail the measurement of the polarizations of all S-wave vector quarkonium states in LHC proton-proton collisions with the CMS detector. Heavy quarkonium states constitute an ideal laboratory to study non-perturbative effects of quantum chromodynamics and to understand how quarks bind into hadrons. The experimental results are interpreted through an original phenomenological approach, which leads to a coherent picture of quarkonium production cross sections and polarizations within a simple model, dominated by one single color-octet production mechanism. These findings provide new insights into the dynamics of heavy quarkonium production at the LHC, an important step towards a satisfactory understanding of hadron formation within the standard model of particle physics.
|
| 650 |
|
0 |
|a Physics.
|
| 650 |
|
0 |
|a Quantum field theory.
|
| 650 |
|
0 |
|a String theory.
|
| 650 |
|
0 |
|a Nuclear physics.
|
| 650 |
|
0 |
|a Heavy ions.
|
| 650 |
|
0 |
|a Hadrons.
|
| 650 |
1 |
4 |
|a Physics.
|
| 650 |
2 |
4 |
|a Nuclear Physics, Heavy Ions, Hadrons.
|
| 650 |
2 |
4 |
|a Quantum Field Theories, String Theory.
|
| 710 |
2 |
|
|a SpringerLink (Online service)
|
| 773 |
0 |
|
|t Springer eBooks
|
| 776 |
0 |
8 |
|i Printed edition:
|z 9783319499345
|
| 830 |
|
0 |
|a Springer Theses, Recognizing Outstanding Ph.D. Research,
|x 2190-5053
|
| 856 |
4 |
0 |
|u http://dx.doi.org/10.1007/978-3-319-49935-2
|z Full Text via HEAL-Link
|
| 912 |
|
|
|a ZDB-2-PHA
|
| 950 |
|
|
|a Physics and Astronomy (Springer-11651)
|